| 000 | 00920cam a2200157ua 4500 | ||
|---|---|---|---|
| 041 |
_aeng _h |
||
| 082 |
_a627.43 _bIND/CR |
||
| 110 | 1 |
_aIndian standards institution . _bISI _c() |
|
| 245 | _aCriteria for investigation planning and layout for bariages and weirs,IS:7720-1975 | ||
| 250 |
_a1 / _b. |
||
| 260 |
_aNew Delhi : _bIndian standards institution , _c1983. |
||
| 300 | _a11 ; . | ||
| 504 | _a | ||
| 942 | _cBK | ||
| 999 |
_c4665 _d4665 |
||